Longitudinal data with serial correlation : a state-space approach /

Guardado en:
Autor Principal: Jones, R. H. 1934-
Formato: Libro
Idioma:English
Publicado: London : Chapman & Hall, 1993.
Edición:1st ed.
Series:Monographs on statistics and applied probability ; 47
Materias:
Etiquetas: Agregar Etiqueta
Sin Etiquetas, Sea el primero en etiquetar este registro!
LEADER 00899pam a2200253 a 4500
001 MAT.inmabb003634
008 930202s1993####enka#####b####001#0#eng##
005 20150316153501.0
245 1 0 |a Longitudinal data with serial correlation :  |b a state-space approach /  |c R. H. Jones. 
250 |a 1st ed. 
260 |a London :  |b Chapman & Hall,  |c 1993. 
300 |a xi, 225 p. :  |b il. ;  |c 23 cm. 
440 0 |a Monographs on statistics and applied probability ;  |v 47 
504 |a Incluye referencias bibliográficas (p. 218-223) e índice. 
510 4 |a MR,  |c 95m:62150 
020 |a 0412406500 
100 1 |a Jones, R. H.  |q (Richard Hunn),  |d 1934- 
650 0 |a Multivariate analysis. 
650 0 |a Longitudinal method. 
084 |a 62J99 (60G35 62M15)  |2 msc2000 
010 |a  93006889  
040 |a DLC  |c DLC  |d DLC 
859 |h 62  |i J765  |p A-7418  |b BIB. MATEMATICA 
859 |h 62  |i J765  |p A-7438  |t Ej. 2  |b BIB. MATEMATICA